000 00316nam a22001337a 4500
008 170912b xxu||||| |||| 00| 0 eng d
020 _a9780801666896
041 _aeng
080 _22ND
_a53
100 _a43
101 _aFIZ
245 _aFLUIDS, ELECTROLYTES, AND ACID-BASE BALANCE
_cHORNE,M.M
942 _2udc
_cBK
999 _c27356
_d27356